Paroles "Best Life" - Naps ft. Maitre Gims - Statistiques

Statistiques générales
  • Ce quiz a été pris 225 fois
  • Le résultat moyen est 187 sur 362
Statistiques - réponses
Paroles % Correct
best
97%
Best
97%
life,
97%
life
97%
ma
96%
m'a
96%
En
90%
en
90%
vivre
87%
je
79%
à
77%
la
77%
La
77%
77%
Fefe
72%
j'voulais
70%
de
64%
hélico
63%
le
62%
On
62%
comme
59%
Comme
59%
Ce
57%
arrive
56%
Bentley
56%
tu
56%
Tu
56%
que
53%
dans
51%
Dans
51%
Et
51%
et
51%
"mon
51%
pas
51%
c'est
50%
les
50%
des
49%
Dès
49%
Enrico
49%
t'es
45%
bébé"
44%
première
44%
Qui
43%
fou
41%
par
41%
con
40%
soir
40%
compliqué
39%
elle
39%
Moi
39%
sang
39%
t'as
39%
ton
39%
coeur
38%
J'suis
38%
bails
37%
imbibé
37%
briquets
36%
pour
36%
relou
36%
Sapés
36%
veux
36%
vois
36%
allument
35%
connais
35%
croises
35%
fait
35%
l'appelles
35%
My
35%
petit
35%
quand
35%
ça
34%
foule
34%
j'ai
34%
J'ai
34%
J'te
34%
dit
33%
encore
33%
Laisse-moi
33%
Millions
33%
qu'ils
33%
jette
32%
sais
32%
j'me
31%
J'vais
31%
Rico
31%
sur
31%
corps
30%
d'euros
30%
jusqu'à
30%
Porto
30%
té-co
30%
t'en
30%
bandits
29%
danse
29%
J'étais
29%
j'étais
29%
mieux
28%
serrer
28%
sentir
27%
Tik
27%
Tok
27%
au
26%
tout
25%
trop
25%
lundi
24%
sac
24%
éco
23%
Fendi
23%
mis
23%
faire
20%
fauché ?
20%
haine
20%
pine-co
20%
hella
19%
J'viens
19%
selfies
19%
s'habille
19%
J'avais
18%
j'prends
18%
t'avais
16%
d'atterir
15%
ja-ja
15%
touché
15%
tous
15%
très
15%
voiture
15%
zina
15%
Bourget
14%
garage
14%
jalouser
14%
organisé
14%
Sois
14%
Paname
13%
bouger
12%
J'les
12%
l'alarme
12%
avion
11%
Mets-moi
11%
fêté
10%
j'l'ai
10%
l'âme
10%
larme
10%
peux
10%
teum-teum
10%
alors
9%
baraque
9%
fumer
9%
geôlé
9%
j'savais
9%
l'été,
9%
roro
9%
accoudé
8%
air
8%
Landy
8%
l'vague
8%
Merde
8%
play
7%
socquette
7%
l'Phantom
6%
Mañolo
5%
Aucun quiz correspondant
Distribution des résultats
% des personnes avec chaque résultat
Percentile par nombre de réponses
Votre historique - résultats
Vous n’avez pas pris ce quiz